| 000 | 00753nam a2200229 a 4500 | ||
|---|---|---|---|
| 001 | 000035193 | ||
| 005 | 20250730105807.0 | ||
| 008 | 111025s1954 mx 000 0 spa d | ||
| 082 |
_a930 _bC536m |
||
| 100 | 1 |
_aChilde, V. Gordon _d1892-1957 _960925 |
|
| 240 | 1 | 0 |
_aMan makes himself _lespañol |
| 245 | 1 | 4 | _aLos orígenes de la civilización. |
| 260 |
_aMéxico : _bFondo de Cultura Económica, _c1954. |
||
| 490 | 1 |
_aBreviarios del Fondo de Cultura ; _v92 |
|
| 504 | _aIncluye notas al pie de las páginas | ||
| 650 | 4 |
_aCivilización antigua _918157 |
|
| 650 | 4 |
_aPrehistoria _927509 |
|
| 650 | 0 |
_aArqueología _93985 |
|
| 830 | 0 |
_aBreviarios del Fondo de Cultura ; _v92 _960926 |
|
| 910 | _aValidado. Control de calidad MFF | ||
| 999 |
_c34684 _d34684 |
||
| 040 | _aDO-SdBNP | ||